000 00247nam a2200097Ia 4500
001 1205850
005 20251009141950.0
008 250824s9999 xx 000 0 und d
245 0 _aKANADI KIRIK KUŞLAR
_cAYŞE KULİN
260 _bEVEREST YAYINLARI
999 _c1205850
_d1205850